| Tag |
First Indicator |
Second Indicator |
Subfields |
| LEADER |
00000cam a22000008a 4500 |
| 001 |
in00001083521 |
| 005 |
20150929162826.0 |
| 008 |
910708s1992 cau b 001 0 eng |
| 010 |
|
|
|a 91027600
|
| 020 |
|
|
|a 0804719950 (cloth : alk. paper) :
|c $42.50
|
| 035 |
|
|
|a (OCoLC)24174634
|
| 035 |
|
|
|9 AFR0700AM
|
| 040 |
|
|
|a DLC
|c DLC
|d TXA
|d UtOrBLW
|
| 043 |
|
|
|a n-usu--
|a n-us-ok
|
| 049 |
|
|
|a TXAM
|
| 050 |
0 |
0 |
|a E99.C5
|b C34 1992
|
| 082 |
0 |
0 |
|a 323.1/197
|2 20
|
| 100 |
1 |
|
|a Champagne, Duane.
|
| 245 |
1 |
0 |
|a Social order and political change :
|b constitutional governments among the Cherokee, the Choctaw, the Chickasaw, and the Creek /
|c Duane Champagne.
|
| 263 |
|
|
|a 9206
|
| 264 |
|
1 |
|a Stanford, Calif. :
|b Stanford University Press,
|c [1992]
|
| 264 |
|
4 |
|c ©1992
|
| 300 |
|
|
|a 317 pages
|
| 336 |
|
|
|a text
|b txt
|2 rdacontent
|
| 337 |
|
|
|a unmediated
|b n
|2 rdamedia
|
| 338 |
|
|
|a volume
|b nc
|2 rdacarrier
|
| 504 |
|
|
|a Includes bibliographical references and index.
|
| 650 |
|
0 |
|a Cherokee Indians
|x Politics and government.
|
| 650 |
|
0 |
|a Creek Indians
|x Politics and government.
|
| 650 |
|
0 |
|a Chickasaw Indians
|x Politics and government.
|
| 650 |
|
0 |
|a Choctaw Indians
|x Politics and government.
|
| 650 |
|
0 |
|a Constitutional history.
|
| 999 |
|
|
|a MARS
|
| 999 |
f |
f |
|s b8ba4c4d-444a-3fd3-b0a2-f9718b390622
|i 93cac840-f041-36f6-a0cc-3a8a9645e15c
|t 0
|
| 952 |
f |
f |
|p normal
|a Texas A&M University
|b College Station
|c Sterling C. Evans Library
|d Evans: Library Stacks
|t 0
|e E99.C5 C34 1992
|h Library of Congress classification
|i unmediated -- volume
|m A14816241603
|
| 998 |
f |
f |
|a E99.C5 C34 1992
|t 0
|l Evans: Library Stacks
|